Dạy - Học văn học nước ngoài Ngữ văn 12 : Cơ bản và nâng cao

Sách gồm 2 phần: Phần một. Đọc - hiểu, Phần hai. Hướng dẫn đọc thêm. Đáp ứng được khả năng tiếp thu của HS và giúp cho HS bước đầu nắm được đặc trưng cơ bản của các thể loại.

Сохранить в:
Библиографические подробности
Главный автор: Lê, Huy Bắc
Формат:
Язык:Undetermined
Опубликовано: Hà Nội Giáo dục 2008
Предметы:
Метки: Добавить метку
Нет меток, Требуется 1-ая метка записи!
Thư viện lưu trữ: Trung tâm Học liệu Trường Đại học Cần Thơ
LEADER 01085nam a2200253Ia 4500
001 CTU_182617
008 210402s9999 xx 000 0 und d
020 |c 30000 
082 |a 495.9220712 
082 |b B113 
100 |a Lê, Huy Bắc 
245 0 |a Dạy - Học văn học nước ngoài Ngữ văn 12 : 
245 0 |b Cơ bản và nâng cao 
245 0 |c Lê Huy Bắc 
260 |a Hà Nội 
260 |b Giáo dục 
260 |c 2008 
520 |a Sách gồm 2 phần: Phần một. Đọc - hiểu, Phần hai. Hướng dẫn đọc thêm. Đáp ứng được khả năng tiếp thu của HS và giúp cho HS bước đầu nắm được đặc trưng cơ bản của các thể loại. 
526 |a Tiếp nhận và dạy tác phẩm văn học nước ngoài 
526 |b SPV611 
650 |a Philology,Ngữ văn 
650 |x Study and teaching (Secondary),Dạy và học (Trung học) 
904 |i Hải 
980 |a Trung tâm Học liệu Trường Đại học Cần Thơ